LEADER 00902nam a2200229 i 4500 001 000000143783 003 CaOOAMICUS 005 20051012000000.0 008 051012s1958 it u000 u ita u 013 $a119141 040 $aSeMil$bita 100 1 $aRossi, Nerino.$0(OLS)http://semarc/name/44383 245 10$aCinque anni difficili /$cNerino Rossi. 260 $a[S.l.] :$bCappelli,$cstampa 1958. 300 $a109 p., [11] p. di tav. ;$c19 cm. 500 $aContiene : Indice dei nomi ; Indice delle illustrazioni. 650 4$aItalia - Politica - 1953-1957.$0(OLS)http://semarc/subject/28243 850 $aSeMil 852 $aSeMil$W1$xVenegono$y1$m283 20 *$j96829$B96829$CSeMilBibl$Z2$F104407 $81 961 $aRecupero: Biblioteca Seminario Saronno 996 $6245$aCinque anni difficili$9(OLS)http://semarc/title/210415 996 $6260$a[S.l.] :$bCappelli$9(OLS)http://semarc/publisher/32130 LEADER 00521nas a2200157 i 4500 001 000000132118 003 CaOOAMICUS 005 20041201000000.0 008 041201b xx uu u0 0und r 013 $a105061 040 $aSeMil$bita 245 10$aTitolo mancante. 773 0 $tÖsterreichisches Archiv für Kirchenrecht.$dWien : Herder $x0029-9820$w()2559 850 $aSeMil 852 $aSeMil$W1$xVenegono$y1$m203 6 1-2$j86039$B86039$CSeMilBibl$Z2$F89776 $82 996 $6245$aTitolo mancante$9(OLS)http://semarc/title/46445 LEADER 00418nab a2200133 i 4500 001 000000306022 003 CaOOAMICUS 005 20180831172849.0 008 180831n xx uu u0 0und r 013 $a14358 040 $aSeMil$bita 100 1 $aSerpa, Renato.$0(OLS)http://semarc/name/85366 245 10$aBontadini e "il cielo della metafisica". 996 $6245$aBontadini e "il cielo della metafisica"$9(OLS)http://semarc/title/381477